000 00600nam a2200193 i 4500
001 142796
003 ES-MaACL
005 20230906200626.0
007 t|
008 071010s1975 sp ||||1| spa d
080 _a929.2 Franco
100 1 _aVidal y de Barnola, Luis Alfonso.
_9114523
245 1 0 _aGenealogĂ­a de la familia Franco /
_cLuis Alfonso Vidal y de Barnola.
260 _aMadrid :
_bEd. Nacional,
_c[1975]
300 _a198 p. :
_bil. ;
_c23 cm.
600 3 4 _aFranco Bahamonde (Familia)-
_xGenealogĂ­a.
_952247
852 _aES-MaACL
_jE-8158
852 _aES-MaACL
_jE-8878
_bR.93340
999 _c142796
_d142796